| 000 | 01263nam a22003737a 4500 | ||
|---|---|---|---|
| 001 | 0008072 | ||
| 003 | KOHA_MİRAKIL | ||
| 005 | 20260207001620.0 | ||
| 007 | ta | ||
| 008 | 091007b tu |||gr||||#0|||0|tur | | ||
| 020 | _a9757479209 | ||
| 040 |
_aTR-BiSEU _btur _cTR-BiSEU _erda |
||
| 041 | 0 | _atur | |
| 044 | _ctu | ||
| 050 |
_aKKX1610 _b.U53 [t.y.] |
||
| 100 | 1 | _aÜnal, Şeref. | |
| 245 | 1 |
_aAnayasa hukuku açısından mahkemelerin bağımsızlığı ve hakimlik teminatı : _b(Türk yargı sistemi üzerinde karşılaştırmalı hukuk açısından bir inceleme)/ _cŞeref Ünal ; Şeref Ünal. |
|
| 264 | 1 |
_aAnkara : _bTBMM Kültür Sanat ve Yayın Kurulu yayınları _c[t.y.] |
|
| 300 | _aXI, 155 sayfa | ||
| 336 |
_ametin _btxt _2rdacontent |
||
| 337 |
_aaracısız _bn _2rdamedia |
||
| 338 |
_acilt _bnc _2rdacarrier |
||
| 490 | 1 | _aT.B.M.M. | |
| 490 | 1 |
_aKültür sanat yayınları yayın ; _vno: 65. |
|
| 500 | _aKaynakça var. | ||
| 650 | 0 |
_aJudges--Turkey. _919970 |
|
| 650 | 0 |
_aCourts--Turkey. _919971 |
|
| 650 | 0 |
_aHakimler--Türkiye. _919972 |
|
| 650 | 0 |
_aMahkemeler--Türkiye. _919973 |
|
| 830 | 1 |
_aT.B.M.M. _919974 |
|
| 830 | 1 |
_aKültür sanat yayınları yayın ; _vno: 65. _919975 |
|
| 907 | _aİnceleme | ||
| 942 |
_2lcc _cBK |
||
| 999 |
_c8046 _d8046 |
||